000
00323 a2200157 4500
001
56930
020
_a
8532251757
040
_c
Anchieta - Pituba
100
_a
Abramovich, Fanny
240
1
0
_a
Falta pouco
_l
por
245
1
0
_a
Falta pouco
300
_a
69
362
0
_a
2003
650
4
_a
Literatura juvenil
942
_c
BK
999
_c
56930
_d
56930